Paroles : One Thing - One Direction - Statistiques

Statistiques générales
  • Ce quiz a été pris 177 fois
  • Le résultat moyen est 281 sur 327
Statistiques - réponses
Réponse % Correct
I
99%
you
99%
You
99%
on
98%
thing
98%
But
96%
my
96%
get
95%
Get
95%
one
95%
out
93%
of
92%
So
92%
That
92%
that
92%
head
91%
your
91%
and
90%
And
90%
got
90%
I'm
90%
at
89%
me
89%
you've
89%
You've
89%
'Cause
88%
don't
88%
it
88%
can't
87%
know
87%
when
87%
be
86%
heart
86%
the
86%
make
85%
sky
84%
to
84%
cool
83%
lookin'
83%
need
83%
You're
83%
is
82%
what
81%
I've
80%
mind
80%
instead
79%
kryptonite
79%
fall
77%
All
76%
all
76%
all
76%
into
75%
playin'
74%
now
73%
Now
73%
night
72%
tried
71%
just
70%
arms
69%
brave
69%
day
69%
keep
67%
dying
65%
ever
65%
with
65%
here
64%
making
64%
name
64%
frozen
63%
weak
63%
breathe
58%
Yeah
58%
see
57%
Shot
55%
life
53%
come
52%
race
49%
notice
48%
Something's
47%
going
46%
gotta
41%
climbing
32%
walls
32%
give
31%
Aucun quiz correspondant
Distribution des résultats
% des personnes avec chaque résultat
Percentile par nombre de réponses
Votre historique - résultats
Vous n’avez pas pris ce quiz